[Event "Titled Tuesday intern op 22nd Feb Early"]
[Site "Chess.com INT"]
[Date "2022.02.22"]
[Round "3"]
[White "Barus, Cerdas"]
[Black "Bintang, Rasyid A Hidayat"]
[Result "0-1"]
[WhiteElo "2298"]
[BlackElo "1820"]
[PlyCount "70"]
[EventDate "2022.02.22"]
[EventType "swiss (blitz)"]
[EventRounds "11"]
[EventCountry "USA"]
[SourceTitle "CBM 207 Extra"]
[Source "ChessBase"]
[SourceDate "2022.05.31"]
[SourceVersion "1"]
[SourceVersionDate "2022.05.31"]
[SourceQuality "1"]

1. d4 d5 2. c4 Nc6 3. Nf3 Bg4 4. cxd5 Bxf3 5. dxc6 Bxc6 6. Nc3 e6 7. e4 Bb4 8. f3 f5 9. exf5 exf5 10. Bc4 Nf6 11. 0-0 Qd7 12. d5 Bc5+ 13. Kh1 Nxd5 14. Bxd5 Bxd5 15. Qxd5 Qxd5 16. Nxd5 0-0-0 17. Nc3 Rhe8 18. Bf4 c6 19. Rac1 h6 20. Nb5 Bf8 21. Nxa7+ Kd7 22. Rfd1+ Ke6 23. Be3 g5 24. Bg1 Bd6 25. a3 Ra8 26. b4 Red8 27. b5 Bxa3 28. Rxd8 Rxd8 29. Re1+ Kd7 30. Rd1+ Ke8 31. Rxd8+ Kxd8 32. bxc6 bxc6 33. Nxc6+ Kd7 34. Nd4 f4 35. h3 h5 0-1

[Event "Titled Tuesday intern op 01st Feb-A"]
[Site "Chess.com INT"]
[Date "2022.02.01"]
[Round "3"]
[White "Barus, Cerdas"]
[Black "Voege, Tobias"]
[Result "0-1"]
[WhiteElo "2298"]
[BlackElo "2296"]
[PlyCount "34"]
[EventDate "2022.02.01"]
[EventType "swiss (blitz)"]
[EventRounds "11"]
[EventCountry "USA"]
[SourceTitle "CBM 206 Extra"]
[Source "ChessBase"]
[SourceDate "2022.03.31"]
[SourceVersion "1"]
[SourceVersionDate "2022.03.31"]
[SourceQuality "1"]

1. d4 d5 2. c4 Nc6 3. cxd5 Qxd5 4. Nf3 e5 5. Nc3 Bb4 6. Bd2 Bxc3 7. Bxc3 e4 8. Ne5 e3 9. f3 Nxe5 10. dxe5 Ne7 11. g3 0-0 12. Bg2 Bf5 13. 0-0 Rfd8 14. f4 Qe6 15. Qc1 Qb6 16. Rd1 Rd2 17. Bf3 Rc2 0-1

[Event "Penang op-A 9th"]
[Site "Penang"]
[Date "2017.12.05"]
[Round "3"]
[White "Barus, Cerdas"]
[Black "Bhambure, Shantanu"]
[Result "1/2-1/2"]
[WhiteElo "2320"]
[BlackElo "2108"]
[PlyCount "35"]
[EventDate "2017.12.04"]
[EventType "swiss"]
[EventRounds "9"]
[EventCountry "MAS"]
[SourceTitle "CBM 182 Extra"]
[Source "ChessBase"]
[SourceDate "2018.02.23"]
[SourceVersion "1"]
[SourceVersionDate "2018.02.23"]
[SourceQuality "1"]

1. d4 d5 2. c4 e6 3. Nf3 c6 4. Qc2 dxc4 5. Qxc4 Nf6 6. g3 b5 7. Qc2 Bb7 8. Bg2 Nbd7 9. 0-0 c5 10. Bd2 Rc8 11. Qb3 a6 12. Bg5 Qb6 13. a4 Bd5 14. Qc2 Qc6 15. axb5 axb5 16. Re1 Be7 17. Qd1 b4 18. Nbd2 1/2-1/2

[Event "Yogyakarta Piala Raja Master"]
[Site "Yogyakarta"]
[Date "2017.08.22"]
[Round "4"]
[White "Lioe, Dede"]
[Black "Barus, Cerdas"]
[Result "1/2-1/2"]
[WhiteElo "2356"]
[BlackElo "2342"]
[PlyCount "69"]
[EventDate "2017.08.21"]
[EventType "tourn"]
[EventRounds "10"]
[EventCountry "INA"]
[EventCategory "3"]
[SourceTitle "CBM 180 Extra"]
[Source "ChessBase"]
[SourceDate "2017.10.06"]
[SourceVersion "1"]
[SourceVersionDate "2017.10.06"]
[SourceQuality "1"]

1. e4 e5 2. Nf3 Nc6 3. Bc4 Bc5 4. 0-0 Nf6 5. d3 d6 6. c3 a6 7. a4 Qe7 8. h3 h6 9. d4 Ba7 10. Re1 g5 11. dxe5 dxe5 12. Be3 g4 13. hxg4 Bxe3 14. Rxe3 Nxg4 15. Re2 h5 16. Nbd2 h4 17. Nf1 Rg8 18. Qd3 Bd7 19. Rd2 Rd8 20. Rad1 Bc8 21. Qe2 Rd6 22. Bd5 Nd8 23. Ne3 Nxe3 24. Qxe3 Bg4 25. Bc4 Qf6 26. Rxd6 cxd6 27. Be2 Rg6 28. Kf1 Bxf3 29. Bxf3 Kf8 30. Rd3 Qe6 31. Bh5 Rh6 32. Bg4 Qf6 33. Bf5 Kg7 34. Qd2 Qe7 35. Qe3 1/2-1/2

[Event "Yogyakarta Istimewa op"]
[Site "Yogyakarta"]
[Date "2016.08.21"]
[Round "7"]
[White "Kawatu, Yansen"]
[Black "Barus, Cerdas"]
[Result "1-0"]
[WhiteElo "1917"]
[BlackElo "2363"]
[PlyCount "47"]
[EventDate "2016.08.18"]
[EventType "swiss"]
[EventRounds "9"]
[EventCountry "INA"]
[SourceTitle "EXT 2018"]
[Source "ChessBase"]
[SourceDate "2017.10.13"]
[SourceVersion "1"]
[SourceVersionDate "2017.10.13"]
[SourceQuality "1"]

1. e4 e5 2. Nf3 Nc6 3. d4 exd4 4. Bc4 Nf6 5. e5 d5 6. Bb5 Ne4 7. Nxd4 Bd7 8. Bxc6 bxc6 9. 0-0 Bc5 10. f3 Ng5 11. f4 Ne4 12. Be3 0-0 13. Nd2 Nxd2 14. Qxd2 f6 15. Nb3 Bb6 16. a4 a5 17. Bc5 Re8 18. Qc3 fxe5 19. fxe5 Qg5 20. Rae1 Bf5 21. Re3 Be4 22. Rg3 Bxc5+ 23. Nxc5 Qxe5 24. Rf8+ 1-0

[Event "Penang op 7th"]
[Site "Penang"]
[Date "2015.12.08"]
[Round "3"]
[White "Barus, Cerdas"]
[Black "Praveen Kumar, Chandrasekar"]
[Result "1-0"]
[WhiteElo "2355"]
[BlackElo "2236"]
[PlyCount "73"]
[EventDate "2015.12.07"]
[EventType "swiss"]
[EventRounds "9"]
[EventCountry "MAS"]
[SourceTitle "CBM 169 Extra"]
[Source "ChessBase"]
[SourceDate "2015.12.18"]
[SourceVersion "1"]
[SourceVersionDate "2015.12.18"]
[SourceQuality "1"]

1. d4 e6 2. c4 c5 3. d5 exd5 4. cxd5 d6 5. Nc3 Nf6 6. e4 g6 7. h3 Bg7 8. Bd3 a6 9. a4 Nbd7 10. Nf3 Nh5 11. 0-0 Ne5 12. Be2 Nxf3+ 13. Bxf3 Qh4 14. Be3 Be5 15. Bg4 Bxg4 16. Qxg4 Qxg4 17. hxg4 Nf6 18. f3 Rb8 19. Kf2 Nd7 20. Ra2 0-0 21. Ne2 b5 22. axb5 axb5 23. f4 Bg7 24. Ra6 Nf6 25. Kf3 Rfe8 26. Ng3 Red8 27. b4 cxb4 28. Rb1 Ra8 29. Rxa8 Rxa8 30. Rxb4 Ra3 31. g5 Nd7 32. Rxb5 Bd4 33. Nf1 Nc5 34. e5 dxe5 35. fxe5 Nd7 36. e6 fxe6 37. dxe6 1-0

[Event "Jakarta Japfa"]
[Site "Jakarta"]
[Date "2014.04.24"]
[Round "9"]
[White "Barus, Cerdas"]
[Black "Nguyen, Huynh Minh Huy"]
[Result "1/2-1/2"]
[WhiteElo "2392"]
[BlackElo "2474"]
[PlyCount "51"]
[EventDate "2014.04.20"]
[EventType "tourn"]
[EventRounds "9"]
[EventCountry "INA"]
[EventCategory "8"]
[SourceTitle "EXT 2015"]
[Source "ChessBase"]
[SourceDate "2014.11.20"]
[SourceVersion "1"]
[SourceVersionDate "2014.11.20"]
[SourceQuality "1"]

1. d4 d5 2. c4 c6 3. Nf3 Nf6 4. Nc3 a6 5. c5 Bf5 6. Bf4 Nbd7 7. e3 Nh5 8. h3 Nxf4 9. exf4 e6 10. Be2 Be7 11. 0-0 0-0 12. b4 Qc7 13. Qd2 Nf6 14. Rfe1 Ne4 15. Nxe4 Bxe4 16. Ne5 f6 17. Nd3 Rfe8 18. a4 Bf8 19. Bf1 g6 20. b5 Bxd3 21. Bxd3 Bh6 22. bxa6 bxa6 23. g3 e5 24. Qe2 e4 25. Bc2 a5 26. Kf1 1/2-1/2

[Event "Jakarta Japfa"]
[Site "Jakarta"]
[Date "2014.04.20"]
[Round "2"]
[White "Barus, Cerdas"]
[Black "Nolte, Rolando"]
[Result "1/2-1/2"]
[WhiteElo "2392"]
[BlackElo "2417"]
[PlyCount "60"]
[EventDate "2014.04.20"]
[EventType "tourn"]
[EventRounds "9"]
[EventCountry "INA"]
[EventCategory "8"]
[SourceTitle "EXT 2015"]
[Source "ChessBase"]
[SourceDate "2014.11.20"]
[SourceVersion "1"]
[SourceVersionDate "2014.11.20"]
[SourceQuality "1"]

1. d4 Nf6 2. c4 g6 3. Nc3 Bg7 4. e4 d6 5. Be2 0-0 6. Nf3 e5 7. Be3 h6 8. h3 exd4 9. Nxd4 Re8 10. Qc2 Nc6 11. Rd1 Bd7 12. 0-0 Nxd4 13. Bxd4 Bc6 14. Bf3 a5 15. Rfe1 Nd7 16. Be3 h5 17. Nd5 b6 18. b3 Bb7 19. g3 Nc5 20. Bg2 Rb8 21. Kh2 Bxd5 22. cxd5 h4 23. g4 g5 24. Kh1 Be5 25. Qd2 Bf6 26. f3 Nd7 27. Rc1 Ne5 28. Rc2 Rb7 29. Rec1 Kg7 30. Kg1 Qe7 1/2-1/2

[Event "Jakarta Indonesia op 3rd"]
[Site "Jakarta"]
[Date "2013.10.11"]
[Round "2"]
[White "Barus, Cerdas"]
[Black "Shyam, Sundar M"]
[Result "1/2-1/2"]
[WhiteElo "2396"]
[BlackElo "2536"]
[PlyCount "75"]
[EventDate "2013.10.10"]
[EventType "swiss"]
[EventRounds "11"]
[EventCountry "INA"]
[SourceTitle "CBM 156 Extra"]
[Source "ChessBase"]
[SourceDate "2013.10.22"]
[SourceVersion "1"]
[SourceVersionDate "2013.10.22"]
[SourceQuality "1"]

1. d4 Nf6 2. c4 g6 3. Nc3 Bg7 4. e4 d6 5. f3 0-0 6. Be3 Nc6 7. Nge2 a6 8. Qd2 Na5 9. Nc1 Nd7 10. Be2 c5 11. 0-0 cxd4 12. Bxd4 Ne5 13. Qd1 g5 14. Nd5 Naxc4 15. b3 e6 16. bxc4 exd5 17. cxd5 f5 18. exf5 Bxf5 19. Nb3 Rc8 20. Rc1 Rxc1 21. Qxc1 Qe7 22. Qd2 Rc8 23. Rc1 Rxc1+ 24. Qxc1 h6 25. Bf2 Qd8 26. Nd4 Qc8 27. Qa3 Nf7 28. Nxf5 Qxf5 29. Qb3 b5 30. g3 Qe5 31. Bd3 Qa1+ 32. Kg2 Bd4 33. Qb1 Qxb1 34. Bxb1 Bxf2 35. Kxf2 Kg7 36. Ke3 Kf6 37. Kd4 Ne5 38. Be4 1/2-1/2

[Event "Jakarta Indonesia op 3rd"]
[Site "Jakarta"]
[Date "2013.10.10"]
[Round "1"]
[White "Purba, Cornelis"]
[Black "Barus, Cerdas"]
[Result "0-1"]
[WhiteElo "2193"]
[BlackElo "2396"]
[PlyCount "96"]
[EventDate "2013.10.10"]
[EventType "swiss"]
[EventRounds "11"]
[EventCountry "INA"]
[SourceTitle "CBM 156 Extra"]
[Source "ChessBase"]
[SourceDate "2013.10.22"]
[SourceVersion "1"]
[SourceVersionDate "2013.10.22"]
[SourceQuality "1"]

1. e4 e5 2. Nf3 Nc6 3. d4 exd4 4. Nxd4 Nf6 5. Nxc6 bxc6 6. Bd3 d5 7. e5 Ng4 8. Bf4 Bc5 9. 0-0 f6 10. e6 Bxe6 11. Qe2 Qe7 12. h3 Ne5 13. Bxe5 fxe5 14. Qxe5 0-0 15. Nc3 Rae8 16. Ne2 Qh4 17. Qg3 Qf6 18. c3 Bf5 19. Nc1 Bd6 20. Qf3 Qe5 21. Qg3 Qxg3 22. fxg3 Bxd3 23. Nxd3 Bxg3 24. Rxf8+ Rxf8 25. Nb4 Rf6 26. Rd1 h5 27. Nc2 Rf2 28. Nb4 Rxb2 29. Nxc6 Rxa2 30. Ne7+ Kh7 31. Nxd5 a5 32. Rb1 Rd2 33. Ne7 a4 34. Nc6 Rc2 35. Kf1 h4 36. Ra1 Rxc3 37. Nd4 Rc4 38. Nf3 Bd6 39. Ke2 a3 40. Kd3 Rf4 41. Ng5+ Kg6 42. Nf3 Kf6 43. Ra2 Ra4 44. Kc3 g5 45. Kb3 Rf4 46. Re2 g4 47. hxg4 h3 48. Nd2 h2 0-1

[Event "Jakarta Indonesia op 2nd"]
[Site "Jakarta"]
[Date "2012.10.15"]
[Round "7"]
[White "Paragua, Mark"]
[Black "Barus, Cerdas"]
[Result "1/2-1/2"]
[WhiteElo "2540"]
[BlackElo "2400"]
[PlyCount "120"]
[EventDate "2012.10.11"]
[EventType "swiss"]
[EventRounds "9"]
[EventCountry "INA"]
[SourceTitle "EXT 2013"]
[Source "ChessBase"]
[SourceDate "2012.11.22"]
[SourceVersion "1"]
[SourceVersionDate "2012.11.22"]
[SourceQuality "1"]

1. d4 d5 2. c4 c6 3. Nf3 Nf6 4. e3 g6 5. Nc3 Bg7 6. Bd3 0-0 7. 0-0 a6 8. b4 dxc4 9. Bxc4 Nd5 10. Qb3 Nb6 11. Be2 Be6 12. Qc2 N8d7 13. e4 Bg4 14. Rd1 Qc7 15. a4 Bxf3 16. gxf3 e5 17. dxe5 Qxe5 18. Ra3 a5 19. f4 Qe7 20. bxa5 Rxa5 21. Rb3 Rfa8 22. e5 Qe6 23. Be3 Nd5 24. Nxd5 cxd5 25. Bf3 g5 26. f5 Qxe5 27. Rxb7 Nf6 28. Bd4 Qf4 29. Qc7 Qxc7 30. Rxc7 Ne8 31. Rc6 Bxd4 32. Rxd4 Kg7 33. h4 h6 34. hxg5 hxg5 35. Rg4 f6 36. Rb4 Rxa4 37. Rb7+ Kf8 38. Bxd5 R4a7 39. Rb3 Rd8 40. Be6 Rh7 41. Kg2 Kg7 42. Rbc3 Kf8 43. Bb3 Rhd7 44. Rh3 Kg7 45. Be6 Rd3 46. Rh1 Rd1 47. Rxd1 Rxd1 48. Rc8 Kf8 49. Rb8 Rd4 50. Kf3 Ke7 51. Rb7+ Kd8 52. Ke3 Rd6 53. Rf7 Nc7 54. Bc4 Ne8 55. f3 Nc7 56. Ke4 Ne8 57. Rh7 Rd1 58. Ke3 Rd6 59. Kf2 Rd4 60. Be6 Nc7 1/2-1/2

[Event "Jakarta Indonesia op 2nd"]
[Site "Jakarta"]
[Date "2012.10.11"]
[Round "1"]
[White "Hidayat, Arifin"]
[Black "Barus, Cerdas"]
[Result "1/2-1/2"]
[WhiteElo "2141"]
[BlackElo "2400"]
[PlyCount "60"]
[EventDate "2012.10.11"]
[EventType "swiss"]
[EventRounds "9"]
[EventCountry "INA"]
[SourceTitle "EXT 2013"]
[Source "ChessBase"]
[SourceDate "2012.11.22"]
[SourceVersion "1"]
[SourceVersionDate "2012.11.22"]
[SourceQuality "1"]

1. d4 Nf6 2. Nf3 e6 3. c4 b6 4. a3 Bb7 5. Nc3 d5 6. cxd5 Nxd5 7. Qc2 Nxc3 8. Qxc3 Be7 9. Bf4 c6 10. Rd1 Nd7 11. e3 0-0 12. Be2 Qc8 13. 0-0 Nf6 14. Be5 c5 15. dxc5 Qxc5 16. Qxc5 Bxc5 17. h3 Rfd8 18. Bc7 Rdc8 19. Be5 Nd5 20. Nd4 a6 21. Bf3 Be7 22. Rd2 h6 23. Rfd1 Rc4 24. Nf5 Bf8 25. Nd6 Bxd6 26. Bxd6 Rac8 27. Be5 b5 28. Kh2 Kf8 29. Bd6+ Kg8 30. Be5 Kf8 1/2-1/2

[Event "Jakarta Indonesia op 1st"]
[Site "Jakarta"]
[Date "2011.10.14"]
[Round "3"]
[White "Barus, Cerdas"]
[Black "Farid, Firman Syah"]
[Result "0-1"]
[WhiteElo "2438"]
[BlackElo "2241"]
[PlyCount "94"]
[EventDate "2011.10.13"]
[EventType "swiss"]
[EventRounds "9"]
[EventCountry "INA"]
[SourceTitle "EXT 2012"]
[Source "ChessBase"]
[SourceDate "2011.11.24"]
[SourceVersion "1"]
[SourceVersionDate "2011.11.24"]
[SourceQuality "1"]

1. d4 Nf6 2. Bg5 e6 3. e4 d5 4. e5 h6 5. Be3 Nfd7 6. Nf3 c5 7. c3 Nc6 8. Be2 Qb6 9. Qc2 Be7 10. 0-0 0-0 11. Nbd2 f5 12. exf6 Rxf6 13. Rad1 Bd6 14. Rfe1 e5 15. Nf1 cxd4 16. cxd4 e4 17. Ne5 Qc7 18. Nxc6 bxc6 19. Rc1 Nf8 20. a3 Bd7 21. b4 a5 22. Qb3 Qb7 23. Rb1 Rb8 24. Qa2 axb4 25. axb4 Ne6 26. f3 exf3 27. Bxf3 Nc7 28. Ng3 Nb5 29. Ne4 Re6 30. Nxd6 Nxd6 31. Bf2 Rxe1+ 32. Bxe1 Ra8 33. Qe2 Re8 34. Qd1 Bf5 35. Ra1 Qb6 36. Bf2 Qxb4 37. Qc1 Nc4 38. h3 Qd6 39. Ra7 Rb8 40. Ra1 Rb2 41. Qe1 Nd2 42. Bh5 Ne4 43. Be3 Bxh3 44. Bf3 Qg6 45. Qf1 Ng3 46. Qe1 Ne2+ 47. Kh2 Bxg2 0-1

[Event "Biel MTO op 44th"]
[Site "Biel"]
[Date "2011.07.21"]
[Round "5"]
[White "Shankland, Samuel L"]
[Black "Barus, Cerdas"]
[Result "1/2-1/2"]
[WhiteElo "2539"]
[BlackElo "2420"]
[PlyCount "68"]
[EventDate "2011.07.18"]
[EventType "swiss"]
[EventRounds "11"]
[EventCountry "SUI"]
[SourceTitle "CBM 143 Extra"]
[Source "ChessBase"]
[SourceDate "2011.08.29"]
[SourceVersion "1"]
[SourceVersionDate "2011.08.29"]
[SourceQuality "1"]

1. d4 Nf6 2. c4 e6 3. Nc3 Bb4 4. Bg5 h6 5. Bh4 b6 6. f3 c5 7. d5 Bxc3+ 8. bxc3 d6 9. e4 e5 10. Bd3 Nbd7 11. Ne2 Nf8 12. Bf2 Ng6 13. Qd2 Bd7 14. a4 0-0 15. g4 a6 16. h4 Ne8 17. Kf1 Nc7 18. Kg2 Qe7 19. h5 Nh8 20. Rhb1 Rfb8 21. Rb3 Rb7 22. Qb2 Rab8 23. Ng3 f6 24. Nf5 Bxf5 25. gxf5 Nf7 26. Kg3 Kf8 27. a5 Na8 28. Rb1 Nd8 29. Qa2 Qc7 30. axb6 Rxb6 31. Bc2 Rxb3 32. Rxb3 Rxb3 33. Bxb3 Qb6 34. Be3 Ke7 1/2-1/2

[Event "Tagaytay City zt 3.3"]
[Site "Tagaytay City"]
[Date "2011.05.27"]
[Round "5"]
[White "Pascua, Haridas"]
[Black "Barus, Cerdas"]
[Result "1/2-1/2"]
[WhiteElo "2323"]
[BlackElo "2443"]
[PlyCount "45"]
[EventDate "2011.05.24"]
[EventType "swiss"]
[EventRounds "9"]
[EventCountry "PHI"]
[SourceTitle "EXT 2012"]
[Source "ChessBase"]
[SourceDate "2011.11.24"]
[SourceVersion "1"]
[SourceVersionDate "2011.11.24"]
[SourceQuality "1"]

1. d4 Nf6 2. c4 e6 3. g3 d5 4. Nf3 Be7 5. Bg2 0-0 6. 0-0 dxc4 7. Qc2 a6 8. Qxc4 b5 9. Qc2 Bb7 10. Bd2 Be4 11. Qc1 Qc8 12. Bg5 Nbd7 13. Nbd2 Bb7 14. Nb3 c5 15. Bxf6 gxf6 16. Qf4 Qb8 17. Qh4 Qd8 18. dxc5 Nxc5 19. Rfd1 Qb6 20. Rd4 Nxb3 21. Rg4+ Kh8 22. Qxh7+ Kxh7 23. Rh4+ 1/2-1/2

[Event "Asia Cities-ch 17th"]
[Site "Jakarta"]
[Date "2011.04.28"]
[Round "9.4"]
[White "Battulga, Namkhai"]
[Black "Barus, Cerdas"]
[Result "1/2-1/2"]
[WhiteElo "2420"]
[BlackElo "2443"]
[PlyCount "102"]
[EventDate "2011.04.22"]
[EventType "team-swiss"]
[EventRounds "9"]
[EventCountry "INA"]
[SourceTitle "CBM 142 Extra"]
[Source "ChessBase"]
[SourceDate "2011.06.27"]
[SourceVersion "1"]
[SourceVersionDate "2011.06.27"]
[SourceQuality "1"]
[WhiteTeam "Erdenet"]
[BlackTeam "Jakarta"]
[WhiteTeamCountry "MGL"]
[BlackTeamCountry "INA"]

1. e4 e5 2. Nf3 Nc6 3. Bc4 Bc5 4. c3 Nf6 5. d4 exd4 6. cxd4 Bb4+ 7. Bd2 Bxd2+ 8. Nbxd2 d5 9. exd5 Nxd5 10. Qb3 Nce7 11. 0-0 0-0 12. Rfe1 c6 13. a4 Rb8 14. Ne4 Nb6 15. Bd3 Be6 16. Qa3 Ng6 17. a5 Nd7 18. Nfg5 Bd5 19. Qd6 Re8 20. Qg3 Ndf8 21. h4 h6 22. h5 hxg5 23. hxg6 Nxg6 24. Nxg5 Nf8 25. Re3 f6 26. Nh3 Bf7 27. Qh4 Rxe3 28. fxe3 c5 29. Bf5 cxd4 30. exd4 Qd5 31. Qf2 Rd8 32. a6 b6 33. Rc1 Qb5 34. Rc7 Qxa6 35. Ng5 fxg5 36. Bh7+ Kxh7 37. Qxf7 Rd7 38. Rxd7 Nxd7 39. Qxd7 Qd3 40. d5 Qe3+ 41. Kh2 Qf4+ 42. g3 Qf3 43. Qh3+ Kg6 44. Qe6+ Qf6 45. Qe4+ Kf7 46. b4 g6 47. Qc4 Qf2+ 48. Kh3 Qf5+ 49. Kg2 g4 50. Qc7+ Kf6 51. Qd8+ Kf7 1/2-1/2

[Event "Jakarta Telin op"]
[Site "Jakarta"]
[Date "2011.04.07"]
[Round "9"]
[White "Sadikin The, Irwanto"]
[Black "Barus, Cerdas"]
[Result "0-1"]
[WhiteElo "2417"]
[BlackElo "2443"]
[PlyCount "76"]
[EventDate "2011.04.01"]
[EventType "swiss"]
[EventRounds "9"]
[EventCountry "INA"]
[SourceTitle "CBM 141 Extra"]
[Source "ChessBase"]
[SourceDate "2011.05.03"]
[SourceVersion "1"]
[SourceVersionDate "2011.05.03"]
[SourceQuality "1"]

1. d4 Nf6 2. c4 e6 3. Nf3 b6 4. g3 Ba6 5. b3 Bb7 6. Bg2 Bb4+ 7. Bd2 a5 8. 0-0 0-0 9. Nc3 d6 10. a3 Bxc3 11. Bxc3 Nbd7 12. Qc2 Be4 13. Qb2 Qb8 14. b4 axb4 15. axb4 Qb7 16. h3 h6 17. Rfe1 b5 18. c5 Bd5 19. Nh4 Bxg2 20. Nxg2 Ne4 21. Rxa8 Rxa8 22. Ra1 Ra4 23. d5 Nxc3 24. Qxc3 Qxd5 25. cxd6 Rxa1+ 26. Qxa1 cxd6 27. Ne3 Qc6 28. Qd4 Nb6 29. h4 e5 30. Qg4 d5 31. Nf5 Qf6 32. e4 d4 33. Qe2 Nc4 34. Qa2 Kh7 35. Qa7 Nd6 36. Qe7 Qxe7 37. Nxe7 Nxe4 38. Nc6 f6 0-1

[Event "Jakarta Telin op"]
[Site "Jakarta"]
[Date "2011.04.05"]
[Round "7"]
[White "Barus, Cerdas"]
[Black "Dao, Thien Hai"]
[Result "1/2-1/2"]
[WhiteElo "2443"]
[BlackElo "2507"]
[PlyCount "112"]
[EventDate "2011.04.01"]
[EventType "swiss"]
[EventRounds "9"]
[EventCountry "INA"]
[SourceTitle "CBM 141 Extra"]
[Source "ChessBase"]
[SourceDate "2011.05.03"]
[SourceVersion "1"]
[SourceVersionDate "2011.05.03"]
[SourceQuality "1"]

1. d4 d5 2. c4 e6 3. Nf3 c6 4. Qc2 Nf6 5. g3 dxc4 6. Qxc4 b5 7. Qc2 Bb7 8. Bg2 Nbd7 9. Ne5 Nxe5 10. dxe5 Nd7 11. 0-0 Qc7 12. Bf4 c5 13. Bxb7 Qxb7 14. Nc3 Be7 15. Rfd1 0-0 16. Qd3 Rfd8 17. Qxb5 Qxb5 18. Nxb5 a6 19. Nd6 Nb6 20. Rac1 Bxd6 21. exd6 Nd7 22. Rc4 Rab8 23. b3 f6 24. Rdc1 Rb6 25. R4c2 Kf7 26. Kg2 g5 27. Be3 Rxd6 28. Bxc5 Nxc5 29. Rxc5 h5 30. Rc7+ Kg6 31. R1c6 Kf5 32. Rxd6 Rxd6 33. b4 Ke4 34. Rc4+ Kf5 35. h4 g4 36. a4 Rd2 37. e4+ Ke5 38. Rc5+ Kxe4 39. Rxh5 Rd4 40. Ra5 Rxb4 41. Rxa6 Kf5 42. Ra8 Kg6 43. a5 Rb1 44. a6 Ra1 45. a7 Kg7 46. f4 gxf3+ 47. Kxf3 Ra3+ 48. Ke4 Ra4+ 49. Kd3 f5 50. Kc3 e5 51. Kd3 Ra2 52. Ke3 f4+ 53. gxf4 exf4+ 54. Kxf4 Ra4+ 55. Ke5 Ra5+ 56. Kd6 Ra1 1/2-1/2

[Event "Jakarta Telin op"]
[Site "Jakarta"]
[Date "2011.04.03"]
[Round "3"]
[White "Zulkhairi"]
[Black "Barus, Cerdas"]
[Result "0-1"]
[WhiteElo "2281"]
[BlackElo "2443"]
[PlyCount "181"]
[EventDate "2011.04.01"]
[EventType "swiss"]
[EventRounds "9"]
[EventCountry "INA"]
[SourceTitle "CBM 141 Extra"]
[Source "ChessBase"]
[SourceDate "2011.05.03"]
[SourceVersion "1"]
[SourceVersionDate "2011.05.03"]
[SourceQuality "1"]

1. e4 e5 2. Nf3 Nc6 3. Bb5 a6 4. Ba4 Nf6 5. 0-0 Be7 6. Re1 b5 7. Bb3 d6 8. c3 0-0 9. d4 Bg4 10. Be3 Qc8 11. Nbd2 h6 12. Nf1 Re8 13. Ng3 Na5 14. dxe5 dxe5 15. h3 Nxb3 16. axb3 Bxf3 17. Qxf3 Qe6 18. b4 Bf8 19. Nf5 Kh7 20. g4 g6 21. Ng3 Be7 22. Kg2 Kg7 23. Rg1 Nh7 24. Kh2 Qc6 25. Qe2 Bg5 26. Bxg5 Nxg5 27. Qe3 Qf6 28. Rgd1 Red8 29. Kg2 Rxd1 30. Rxd1 a5 31. bxa5 Rxa5 32. Ne2 Ra2 33. Rd2 Ne6 34. Qf3 Qxf3+ 35. Kxf3 Ng5+ 36. Ke3 Nxh3 37. Rd5 Rxb2 38. Rxe5 Ng5 39. f4 Ne6 40. Nd4 Nxd4 41. Kxd4 b4 42. Rc5 bxc3 43. Rxc7 Rg2 44. g5 hxg5 45. fxg5 Rxg5 46. Kxc3 Rg1 47. Kd4 Rf1 48. e5 Kh6 49. Ra7 g5 50. Ke4 g4 51. Ra8 Kg5 52. Ke3 g3 53. Rg8+ Kh4 54. Ke2 Rf5 55. e6 fxe6 56. Rg6 e5 57. Rg8 Kh3 58. Rh8+ Kg2 59. Rg8 Kh2 60. Rh8+ Kg1 61. Rg8 g2 62. Rh8 Rf4 63. Rh5 Re4+ 64. Kf3 Kf1 65. Kxe4 g1Q 66. Rxe5 Ke2 67. Kf4+ Kf2 68. Kf5 Qg3 69. Ke4 Ke2 70. Rc5 Qg4+ 71. Ke5 Kd3 72. Rd5+ Ke3 73. Kd6 Qf4+ 74. Kc5 Qc7+ 75. Kb5 Ke4 76. Rc5 Qb7+ 77. Kc4 Qb2 78. Rb5 Qc2+ 79. Kb4 Kd4 80. Ka3 Qc6 81. Rb1 Qa6+ 82. Kb3 Qb5+ 83. Ka2 Qa4+ 84. Kb2 Kd3 85. Rc1 Qb4+ 86. Ka2 Kd2 87. Rb1 Qc4+ 88. Ka3 Qa6+ 89. Kb2 Qa4 90. Ra1 Qb4+ 91. Ka2 0-1

[Event "Jakarta Telin op"]
[Site "Jakarta"]
[Date "2011.04.02"]
[Round "2"]
[White "Barus, Cerdas"]
[Black "Jamaludin, Azizulzaman"]
[Result "1-0"]
[WhiteElo "2443"]
[BlackElo "2192"]
[PlyCount "67"]
[EventDate "2011.04.01"]
[EventType "swiss"]
[EventRounds "9"]
[EventCountry "INA"]
[SourceTitle "CBM 141 Extra"]
[Source "ChessBase"]
[SourceDate "2011.05.03"]
[SourceVersion "1"]
[SourceVersionDate "2011.05.03"]
[SourceQuality "1"]

1. d4 d5 2. c4 e6 3. Nc3 Nf6 4. Nf3 c6 5. Bg5 Be7 6. e3 Nbd7 7. Qc2 0-0 8. cxd5 Nxd5 9. Bxe7 Qxe7 10. Bc4 N7b6 11. Bb3 Bd7 12. 0-0 Nxc3 13. Qxc3 Nd5 14. Qc2 Kh8 15. Rac1 f6 16. Rfe1 Rac8 17. a3 b6 18. Qd2 g5 19. Qd3 Qe8 20. g3 Ne7 21. e4 Ng6 22. e5 Qf7 23. Qe3 g4 24. Nd2 f5 25. Nc4 Qg7 26. Nd6 Rb8 27. Qe2 a5 28. Rc3 Ne7 29. Rec1 f4 30. Bc4 Nf5 31. Qe4 fxg3 32. hxg3 Nxd6 33. exd6 Rf6 34. Re3 1-0

[Event "Jakarta Telin op"]
[Site "Jakarta"]
[Date "2011.04.01"]
[Round "1"]
[White "Sihite, Chelsie Monica"]
[Black "Barus, Cerdas"]
[Result "0-1"]
[WhiteElo "2039"]
[BlackElo "2443"]
[PlyCount "93"]
[EventDate "2011.04.01"]
[EventType "swiss"]
[EventRounds "9"]
[EventCountry "INA"]
[SourceTitle "CBM 141 Extra"]
[Source "ChessBase"]
[SourceDate "2011.05.03"]
[SourceVersion "1"]
[SourceVersionDate "2011.05.03"]
[SourceQuality "1"]

1. e4 e5 2. Nf3 Nc6 3. Bc4 Bc5 4. c3 Nf6 5. d3 d6 6. Bb3 0-0 7. Nbd2 a6 8. 0-0 h6 9. Re1 Re8 10. Nf1 Ba7 11. Ng3 b5 12. a4 Bd7 13. axb5 axb5 14. Be3 Bxe3 15. fxe3 Na5 16. Bc2 g6 17. b4 Nc6 18. Qd2 Kg7 19. h3 Ne7 20. Qf2 Neg8 21. Nd2 Qb8 22. Nb3 Be6 23. d4 Bd7 24. d5 c6 25. Qd2 Qc7 26. dxc6 Bxc6 27. Na5 Bd7 28. Bb3 Red8 29. Rf1 h5 30. Bd5 Nxd5 31. exd5 f5 32. Ne2 Nf6 33. Rfd1 Be8 34. Rac1 Qb6 35. c4 f4 36. Kh2 Ne4 37. c5 dxc5 38. Qb2 fxe3 39. Qxe5+ Nf6 40. d6 c4 41. Rd4 Ra6 42. Rcd1 Bf7 43. Nc3 Re8 44. Qxb5 e2 45. Qxb6 exd1Q 46. Qc5 Qe1 47. d7 0-1